000 00804nam a2200193 a 4500
008 091023s2006 ||||||||||||||||| || u
020 _a9982210017
050 _aPR 9405.9.S44 D36
100 _aSibale, Grieve, 1952-
245 1 4 _aThe dance of the derivatives
_cGrieve Sibale
260 _aLusaka
_bTupelo Honey Industries
_c2006
300 _a558p.
350 _a50000.00
490 _aTupelo Honey fiction series
490 _v 2
650 _aENGLISH LANGUAGE
995 _D50000.00
_FCBU-MAIN LIBRARY (Kitwe)
_H1
_I50000.00
_M1
_UAVAILABLE
_WNov 18, 2009
_ZFiction Collection
995 _D50000.00
_FCBU-MAIN LIBRARY (Kitwe)
_H1
_I50000.00
_M2
_UAVAILABLE
_WNov 18, 2009
_ZZambiana Collection
999 _c62669
_d62669